000 00654cam a22002291 4500
001 sa 64004904
003 DLC
005 20260227112028.0
008 890821s1959 ii b 000 0 malo
010 _asa 64004904
035 _a(OCoLC)20226640
040 _aDLC
_cWaU
_dDLC
042 _apremarc
043 _af-ua---
050 0 0 _aPJ1482
_b.R7
100 0 _aKrishna Chaitanya,
_d1918-
245 1 0 _aIjipṣyan sāhityacaritr̲aṃ.
260 _a[Kottayam,
_bSahithya Pravarthaka Co-operative Society; Sales Dept.
_c1959]
300 _a136 p.
_bmaps.
_c19 cm.
500 _aIn Malayalam.
650 0 _aEgyptian literature
_xHistory and criticism.
999 _c58817
_d58817